Theory and practice of counseling and psychotherapy
Includes bibliographical references and indexes; Neal A. Newfield, Ph.D., LICSW (Giver)
Kaydedildi:
| Yazar: | |
|---|---|
| Materyal Türü: | Kitap |
| Dil: | Undetermined |
| Baskı/Yayın Bilgisi: |
Australia
Thomson/Brooks/Cole
2009
|
| Konular: | |
| Online Erişim: | http://lrc.tdmu.edu.vn/opac/search/detail.asp?aID=2&ID=31990 |
| Etiketler: |
Etiketle
Etiket eklenmemiş, İlk siz ekleyin!
|
| Thư viện lưu trữ: | Trung tâm Học liệu Trường Đại học Thủ Dầu Một |
|---|
| LEADER | 00745nam a2200205Ia 4500 | ||
|---|---|---|---|
| 001 | TDMU_31990 | ||
| 008 | 210410s9999 xx 000 0 und d | ||
| 082 | |a 155.67 | ||
| 090 | |b C434 | ||
| 100 | |a Corey, Gerald | ||
| 245 | 0 | |a Theory and practice of counseling and psychotherapy | |
| 245 | 0 | |c Gerald Corey | |
| 260 | |a Australia | ||
| 260 | |b Thomson/Brooks/Cole | ||
| 260 | |c 2009 | ||
| 300 | |a xix, 519 p. | ||
| 520 | |a Includes bibliographical references and indexes; Neal A. Newfield, Ph.D., LICSW (Giver) |d 2017 | ||
| 650 | |a Counseling; Psychotherapy; Tư vấn; Tâm lý trị liệu | ||
| 856 | |u http://lrc.tdmu.edu.vn/opac/search/detail.asp?aID=2&ID=31990 | ||
| 980 | |a Trung tâm Học liệu Trường Đại học Thủ Dầu Một | ||